| 000 | 00481nam a22001697a 4500 | ||
|---|---|---|---|
| 003 | BD-ChCU | ||
| 005 | 20260330093041.0 | ||
| 008 | 260330b bg ||||| |||| 00| 0 ben d | ||
| 040 | _cBD-ChCU | ||
| 082 | _a330.16 THE | ||
| 100 |
_aTheocharis, Reghinos D. _920902 |
||
| 245 |
_aEarly developments in mathematical economics ./ _cReghinos D. Theocharis . |
||
| 260 |
_aLondon : _bMacmillan , _cC 1961 |
||
| 300 | _aX , 141p. | ||
| 650 | 0 |
_aEconomics . _920903 |
|
| 942 |
_2ddc _cBK _n0 |
||
| 999 |
_c111909 _d111909 |
||